Пробуждение: очерки, рассказы, киноповесть, пьеса: сборник; Народ прекрасной, щедрой, поэтической Грузии; Одесские рассказы; Конармия; История моей голубятни; Беня Крик; Закат
| 1. Verfasser: | |
|---|---|
| Weitere Verfasser: | |
| Sprache: | Russisch |
| Veröffentlicht: |
Тбилиси, Мерани, 1989
|
| TOC: | Народ прекрасной, щедрой, поэтической Грузии; Одесские рассказы; Конармия; История моей голубятни; Беня Крик; Закат; |
| Schriftenreihe: | XX век. Россия-Грузия. Сплетение судеб |
| Schlagworte: | |
| Format: | Buch |
| KOHA link: | https://koha.lib.tpu.ru/cgi-bin/koha/opac-detail.pl?biblionumber=372080 |
MARC
| LEADER | 00000nam0a2200000 4500 | ||
|---|---|---|---|
| 001 | 372080 | ||
| 005 | 20231102012437.0 | ||
| 035 | |a (RuTPU)RU\TPU\retro\29497 | ||
| 035 | |a RU\TPU\book\305052 | ||
| 090 | |a 372080 | ||
| 100 | |a 20221214d1989 m y0rusy50 ca | ||
| 101 | 0 | |a rus | |
| 102 | |a GE | ||
| 105 | |a a z 001zy | ||
| 200 | 1 | |a Пробуждение: очерки, рассказы, киноповесть, пьеса |e сборник |f И. Э. Бабель |g сост. У. М. Спектор | |
| 210 | |a Тбилиси |c Мерани |d 1989 | ||
| 215 | |a 432 с. |c ил. | ||
| 225 | 1 | |a XX век. Россия-Грузия. Сплетение судеб | |
| 320 | |a Вступительная статья: с. 5-22 | ||
| 320 | |a Комментарии: с. 403-420 | ||
| 320 | |a Краткие биографические сведения: с. 421-430 | ||
| 464 | |t Народ прекрасной, щедрой, поэтической Грузии |o очерки | ||
| 464 | |t Одесские рассказы; Конармия; История моей голубятни |o рассказы | ||
| 464 | |t Беня Крик |o киноповесть | ||
| 464 | |t Закат |o пьеса | ||
| 600 | 1 | |a Бабель |b И. Э. |c русский писатель |f 1894-1940 |g Исаак Эммануилович |2 stltpush |3 (RuTPU)RU\TPU\pers\28 |9 17 | |
| 606 | 1 | |a Русская литература современная |2 stltpush |3 (RuTPU)RU\TPU\subj\26373 |9 50316 | |
| 610 | 1 | |a художественная литература | |
| 610 | 1 | |a публицистика | |
| 610 | 1 | |a очерки | |
| 610 | 1 | |a рассказы | |
| 610 | 1 | |a пьесы | |
| 610 | 1 | |a драматургия | |
| 610 | 1 | |a киноповести | |
| 610 | 1 | |a автобиографии | |
| 610 | 1 | |a воспоминания | |
| 610 | 1 | |a русская литература | |
| 610 | 1 | |a русские писатели | |
| 610 | 1 | |a 20 век | |
| 675 | |a Р2 |v 3 | ||
| 700 | 1 | |a Бабель |b И. Э. |c русский писатель |f 1894-1940 |g Исаак Эммануилович |2 stltpush |3 (RuTPU)RU\TPU\pers\28 |4 070 |9 17 | |
| 702 | 1 | |a Спектор |b У. М. |4 220 | |
| 801 | 1 | |a RU |b 63413507 |c 20150121 | |
| 801 | 2 | |a RU |b 63413507 |c 20221214 |g RCR | |
| 942 | |c BK | ||